000 00480nam a22001457a 4500
020 _a9780190853501
082 _a621.3815
_bSED
100 _aSedra, Adel S.
245 _aMicroelectronics Circuits:
_cAdel S. Sedra, Kenneth C. Smith, Tony Chan Carusone, Vincent Gaudet
250 _a8th International Edition.
260 _aNew York :
_bOxford University Press,
_c2021.
300 _a1212p. ;
_c25 cm.
942 _2ddc
_cBK
999 _c588480
_d588480